| 000 | 00757nam a2200205 a 4500 | ||
|---|---|---|---|
| 001 | 001096045 | ||
| 003 | AM-YeHGA | ||
| 005 | 20250617151545.0 | ||
| 008 | 150810s1976 ||| r 000 0 rus d | ||
| 040 | _aAM-YeHGA | ||
| 041 | 0 |
_arus _htar |
|
| 100 | 1 | _aБаширов, Гумер Баширович | |
| 245 | 1 | 0 |
_aРодимый край-зеленая моя колыбель : _bПовесть / _cГ.Б. Баширов; Авториз. перев. с татар. Р. Фаизовой. |
| 260 |
_aМосква : _bИзвестия, _c1976. |
||
| 300 | _aпортр., ил. | ||
| 440 | 0 | _aБ-ка "Дружбы народов" | |
| 653 | 0 | _aТатарская литература | |
| 700 | 1 |
_aФаизова, Р. _eпер. _4trl |
|
| 090 | _c355454 | ||
| 999 |
_c353637 _d353637 |
||